[Event "AUTO-ADV-3996"]
[Site "http://www.queenalice.com/game.php?id=1521459"]
[Date "2018.3.28"]
[Round "1"]
[White "Bruscato"]
[Black "The_Clown"]
[Result "1-0"]
[WhiteElo "2253"]
[BlackElo "1727"]

1. e4 e5 2. f4 d6 3. Nf3 Bg4 4. Bc4 Nf6 5. d3 Nc6 6. Nc3 Qe7 7. O-O O-O-O 8. f5
Kb8 9. Bg5 h6 10. Nd5 Qe8 11. Bxf6 gxf6 12. Nxf6 Qe7 13. Nxg4 h5 14. Ne3 Bh6 15.
Nd5 Qf8 16. b4 Be3+ 17. Nxe3 h4 18. b5 Nd4 19. Nxd4 exd4 20. Nd5 c5 21. Qf3 f6
22. a4 Rd7 23. a5 Rg7 24. a6 b6 25. Nxb6 Rxg2+ 26. Kxg2 Qg7+ 27. Kh1 h3 28. e5
axb6 29. a7+ Kc7 30. Qc6+ Kd8 31. Qxd6+ Ke8 32. a8=Q# 1-0

[Event "Amigos Bategoll"]
[Site "http://www.queenalice.com/game.php?id=1521673"]
[Date "2018.3.30"]
[Round "3"]
[White "The_Clown"]
[Black "ztnilz"]
[Result "0-1"]
[WhiteElo "1639"]
[BlackElo "1891"]

1. e4 e5 2. Nf3 Nf6 3. d3 d6 4. Bg5 Nc6 5. c4 Be7 6. Nc3 Be6 7. Nd5 Nxd5 8. cxd5
Bxg5 9. dxe6 fxe6 10. Nxg5 Qxg5 11. g3 O-O 12. Bg2 Nd4 13. O-O c5 14. h4 Qd8 15.
Qg4 b5 16. Rac1 a5 17. h5 Qf6 18. Rce1 a4 19. Re3 Rab8 20. f4 exf4 21. Rxf4 Qe7
22. Rxf8+ Rxf8 23. e5 d5 24. Re1 Nf5 25. Bh3 c4 26. dxc4 bxc4 27. a3 d4 28. Qe2
Qc5 29. g4 Ng3 30. Qg2 d3+ 31. Kh2 Rf2 32. Kxg3 Rxg2+ 33. Bxg2 Qd4 34. Re4 Qxb2
35. Rxc4 Qxa3 36. Rd4 d2+ 37. Bf3 Qe3 38. Rxa4 Qg1+ 39. Kf4 d1=Q 40. Bxd1 Qxd1
41. Ra8+ Kf7 42. Ra7+ Ke8 43. Ra8+ Kd7 44. Ra7+ Kc8 45. Rxg7 Qd4+ 46. Kf3 Kb8
47. Re7 Qxe5 48. Rxh7 Qc3+ 49. Kf4 e5+ 50. Kg5 e4 51. Rf7 e3 52. Rf8+ Kc7 53.
Rf3 Qd2 54. Rf7+ Kd8 55. Kf6 e2 56. Re7 Qh6+ 57. Kf7 Qh7+ 0-1

[Event "Challenge"]
[Site "http://www.queenalice.com/game.php?id=1523060"]
[Date "2018.4.10"]
[Round "-"]
[White "The_Clown"]
[Black "ayanami"]
[Result "1-0"]
[WhiteElo "1739"]
[BlackElo "1198"]

1. e4 e5 2. Nf3 d6 3. d4 Nc6 4. Bb5 Bg4 5. dxe5 Bxf3 6. Qxf3 a6 7. Bxc6+ bxc6 8.
O-O Be7 9. Nd2 f6 10. exf6 Bxf6 11. Re1 Ne7 12. Qh5+ g6 13. Qf3 O-O 14. Qd3 c5
15. Nf3 g5 16. Nxg5 Bxb2 17. Bxb2 c6 18. Qh3 d5 19. Qxh7# 1-0

[Event "Challenge"]
[Site "http://www.queenalice.com/game.php?id=1523061"]
[Date "2018.4.10"]
[Round "-"]
[White "ayanami"]
[Black "The_Clown"]
[Result "0-1"]
[WhiteElo "1196"]
[BlackElo "1703"]

1. e4 d5 2. d3 dxe4 3. dxe4 Qxd1+ 4. Kxd1 Nc6 5. c4 Bg4+ 6. f3 Be6 7. Nd2 O-O-O
8. f4 Bg4+ 9. Be2 Bxe2+ 10. Kxe2 Nd4+ 11. Kf1 Nc2 12. Rb1 Ne3+ 13. Ke2 Nxg2 14.
Ngf3 Nxf4+ 15. Ke3 Ng2+ 16. Kf2 Nf4 17. Rg1 Nh3+ 18. Kg3 Ng5 19. e5 Nxf3 20.
Kxf3 e6 0-1

[Event "Challenge"]
[Site "http://www.queenalice.com/game.php?id=1525494"]
[Date "2018.4.30"]
[Round "-"]
[White "Dinda54"]
[Black "The_Clown"]
[Result "0-1"]
[WhiteElo "1727"]
[BlackElo "1627"]

1. e4 e5 2. Nf3 d6 3. h3 Nf6 4. Be2 Nxe4 5. c3 Nc6 6. Bd3 Nf6 7. Bb5 Bd7 8. Bxc6
Bxc6 9. O-O Be7 10. d3 O-O 11. Nh4 e4 12. dxe4 Nxe4 13. Qg4 Bxh4 14. Bh6 Bf6 15.
Be3 d5 16. Na3 Bd7 17. Qe2 Re8 18. Rad1 Bc6 19. c4 d4 20. f3 Ng3 21. Qe1 Nxf1
22. Kxf1 Bh4 23. Qe2 Rxe3 24. Qxe3 dxe3 0-1

[Event "Challenge"]
[Site "http://www.queenalice.com/game.php?id=1526782"]
[Date "2018.5.10"]
[Round "-"]
[White "Guilhermerocha"]
[Black "The_Clown"]
[Result "1-0"]
[WhiteElo "1713"]
[BlackElo "1705"]

1. d4 d5 2. Nc3 e6 3. e4 Bb4 4. Bd2 c5 5. Bb5+ Nc6 6. exd5 exd5 7. Qe2+ Be6 8.
a3 Bxc3 9. Bxc3 cxd4 10. Bxd4 Nf6 11. Bc5 b6 12. Bxc6+ Nd7 13. Bxa8 Qxa8 14. Bd6
Qc6 15. Qa6 Nf6 16. Be5 O-O 17. Bxf6 gxf6 18. h4 Re8 19. O-O-O Bf5 20. c3 Rd8
21. Qe2 d4 22. Qh5 Qe4 23. Kd2 Qd3+ 24. Ke1 Qe4+ 25. Kf1 Bg6 26. Qe2 Qf4 27. h5
d3 28. Qd2 Qxd2 29. Rxd2 Bf5 30. Nf3 Kg7 31. Nd4 Be4 32. f3 Bd5 33. Rxd3 Bc4 34.
Ke2 Bxd3+ 35. Kxd3 Kh6 36. g4 Kg5 37. Ke4 Re8+ 38. Kd3 Kf4 39. Rh3 Re3+ 40. Kc4
a6 41. b4 h6 42. Nf5 Rxf3 43. Rxf3+ Kxf3 44. Nxh6 Kf4 45. Nxf7 Kxg4 46. h6 1-0

[Event "Challenge"]
[Site "http://www.queenalice.com/game.php?id=1526783"]
[Date "2018.5.10"]
[Round "-"]
[White "The_Clown"]
[Black "Guilhermerocha"]
[Result "1-0"]
[WhiteElo "1712"]
[BlackElo "1675"]

1. e4 e5 2. Bc4 Nf6 3. Nc3 Bb4 4. d3 Bxc3+ 5. bxc3 d5 6. exd5 Nxd5 7. Qf3 Be6 8.
d4 exd4 9. cxd4 Nc6 10. Ne2 Ncb4 11. O-O Nxc2 12. Rb1 Nde3 13. Bxe6 Nxf1 14.
Qxf7# 1-0

[Event "Challenge"]
[Site "http://www.queenalice.com/game.php?id=1527377"]
[Date "2018.5.15"]
[Round "-"]
[White "The_Clown"]
[Black "Guilhermerocha"]
[Result "0-1"]
[WhiteElo "1719"]
[BlackElo "1728"]

1. d4 c5 2. d5 Nf6 3. c4 g6 4. Nc3 Bg7 5. e4 Qb6 6. Nf3 O-O 7. e5 Ne8 8. Be2 f6
9. O-O fxe5 10. Na4 Qd6 11. Re1 e6 12. g3 b5 13. cxb5 exd5 14. b3 e4 15. Nd2
Bxa1 16. Nb2 Qf6 17. Qc2 Qxf2+ 18. Kh1 Bxb2 19. Nxe4 Qxe1+ 20. Kg2 Bxc1 21. Nxc5
Rf2+ 22. Kh3 Qxe2 23. Qxe2 Rxe2 24. Nd3 Bg5 25. Kg4 Rd2 26. Ne5 d6+ 27. Kxg5
dxe5 28. h4 Rxa2 0-1

[Event "AUTO-ADV-3953"]
[Site "http://www.queenalice.com/game.php?id=1529631"]
[Date "2018.6.3"]
[Round "2"]
[White "The_Clown"]
[Black "jairo366"]
[Result "0-1"]
[WhiteElo "1609"]
[BlackElo "2027"]

1. e4 e5 2. Nf3 Nc6 3. d4 exd4 4. Nxd4 Nf6 5. Nc3 Bc5 6. Be3 Bb6 7. Nxc6 bxc6 8.
Qd2 O-O 9. O-O-O d6 10. Kb1 Qe7 11. Bg5 Re8 12. f3 Be6 13. h4 Ba5 14. g4 Rab8
15. h5 d5 0-1

[Event "AUTO-ADV-3953"]
[Site "http://www.queenalice.com/game.php?id=1529632"]
[Date "2018.6.3"]
[Round "2"]
[White "jairo366"]
[Black "The_Clown"]
[Result "1-0"]
[WhiteElo "2025"]
[BlackElo "1611"]

1. e4 e5 2. f4 d5 3. exd5 Qxd5 4. Nc3 Qe6 5. Nf3 e4 6. Ng5 Qf5 7. Bc4 Nh6 8.
Ncxe4 Qxf4 9. d4 Qh4+ 10. g3 Bg4 11. gxh4 Bxd1 12. Kxd1 Nc6 13. c3 O-O-O 14. Be3
Kb8 15. Kc2 1-0

[Event "Pessacha"]
[Site "http://www.queenalice.com/game.php?id=1529833"]
[Date "2018.6.5"]
[Round "-"]
[White "The_Clown"]
[Black "ayanami"]
[Result "1-0"]
[WhiteElo "1597"]
[BlackElo "1169"]

1. d4 d5 2. c4 c6 3. cxd5 cxd5 4. Qa4+ Nc6 5. e3 Bf5 6. Bb5 Qd7 7. Nc3 b6 8.
Bxc6 b5 9. Qxb5 Nf6 10. Bxd7+ Nxd7 11. Qb7 g6 12. Qxa8+ Nb8 13. Qxb8+ Kd7 14.
Nb5 Ke6 15. Nf3 Kf6 16. Qxa7 1-0

[Event "Lachego"]
[Site "http://www.queenalice.com/game.php?id=1529834"]
[Date "2018.6.5"]
[Round "-"]
[White "ayanami"]
[Black "The_Clown"]
[Result "0-1"]
[WhiteElo "1171"]
[BlackElo "1595"]

1. e4 e5 2. d3 d5 3. Nf3 Bg4 4. Be2 d4 5. Nxe5 Bxe2 6. Qxe2 f6 7. Nc4 c5 8. Bd2
Nc6 9. Ba5 Nxa5 10. Nxa5 Qxa5+ 11. c3 Bd6 12. f4 Bxf4 13. Qg4 Bg5 14. Qe6+ Ne7
15. Nd2 Bh4+ 16. g3 Bg5 0-1

[Event "The Potatoe Eaters"]
[Site "http://www.queenalice.com/game.php?id=1548768"]
[Date "2018.11.10"]
[Round "-"]
[White "The_Clown"]
[Black "Wigmont"]
[Result "0-1"]
[WhiteElo "1595"]
[BlackElo "1563"]

1. e4 e5 2. Nf3 d6 3. Nc3 Bg4 4. Be2 f5 5. d3 h6 6. exf5 Nf6 7. h3 Bxf5 8. O-O
Nc6 9. Re1 g5 10. g4 Qd7 11. gxf5 d5 12. Bf1 O-O-O 13. Nxe5 Qg7 14. Nxc6 bxc6
0-1

[Event "YellowJackets"]
[Site "http://www.queenalice.com/game.php?id=1597460"]
[Date "2020.1.26"]
[Round "-"]
[White "The_Clown"]
[Black "Wigmont"]
[Result "1-0"]
[WhiteElo "1578"]
[BlackElo "1608"]

1. e4 a6 2. d4 e6 3. e5 h6 4. Nf3 Nc6 5. d5 Nb4 6. dxe6 fxe6 7. a3 Nd5 8. Be2 d6
9. O-O dxe5 10. Nxe5 Qf6 11. Nf3 b6 12. Re1 Bb7 13. Bd2 O-O-O 14. Nc3 Bc5 15.
Nxd5 Bxd5 16. c4 Bxf3 17. Bxf3 Qh4 18. g3 Qxc4 19. Be2 Qd4 20. Be3 Qf6 21. Bxc5
bxc5 22. Bxa6+ Kb8 23. Qb3+ Ka7 24. Qb7# 1-0

[Event "30 Ago 2020 11:33"]
[Site "http://www.queenalice.com/game.php?id=1625473"]
[Date "2020.8.30"]
[Round "-"]
[White "zubarev"]
[Black "The_Clown"]
[Result "1-0"]
[WhiteElo "1753"]
[BlackElo "1604"]

1. d4 d5 2. Nc3 e6 3. Nf3 Bb4 4. Bd2 Nf6 5. e3 O-O 6. Bd3 h6 7. O-O Nc6 8. Qe2
Re8 9. Ne5 Bd7 10. f4 Bxc3 11. Bxc3 a6 12. Qf3 Nh7 13. e4 f6 14. Nxc6 Bxc6 15.
e5 fxe5 16. fxe5 Ng5 17. Qf2 Qe7 18. Rae1 Rf8 19. Qe3 Rxf1+ 20. Rxf1 Rf8 21.
Rxf8+ Qxf8 22. Qf2 Qxf2+ 23. Kxf2 Be8 24. Kg3 b5 25. h3 Nf7 26. Bg6 Bd7 27. Kf4
Ng5 28. h4 Ne4 29. Bxe4 dxe4 30. Kxe4 Bc6+ 31. Kf4 Bxg2 32. Kg3 Be4 33. a3 Bxc2
34. Kf4 c6 35. Bb4 Kf7 36. Bd6 a5 37. Ke3 a4 38. Kd2 Bb3 39. Ke3 Kg6 40. Kf4 Kh5
41. Kg3 g5 42. hxg5 Kxg5 43. Be7+ Kf5 44. Bc5 1-0

[Event " O Cangaço na Literatura"]
[Site "http://www.queenalice.com/game.php?id=1625474"]
[Date "2020.8.30"]
[Round "-"]
[White "The_Clown"]
[Black "zubarev"]
[Result "0-1"]
[WhiteElo "1599"]
[BlackElo "1730"]

1. e4 e5 2. Nf3 Nc6 3. d4 exd4 4. Nxd4 Nge7 5. Nc3 Nxd4 6. Qxd4 Nc6 7. Qc4 Be7
8. Bd2 O-O 9. O-O-O d6 10. Kb1 Be6 11. Qd3 Ne5 12. Qg3 f5 13. Bh6 Bf6 14. exf5
Bxf5 15. Bd3 Nxd3 16. cxd3 Bg6 17. Be3 a5 18. a3 Bxc3 19. bxc3 b5 20. Rhe1 b4
21. Re2 bxc3 22. Kc2 Qd7 23. Rb1 Qa4+ 24. Kxc3 Qxa3+ 25. Kd2 Qxd3+ 26. Kc1 Qxb1+
27. Kd2 a4 28. Re1 Qc2# 0-1

[Event "Trump or Biden"]
[Site "http://www.queenalice.com/game.php?id=1632670"]
[Date "2020.11.12"]
[Round "-"]
[White "Wigmont"]
[Black "The_Clown"]
[Result "0-1"]
[WhiteElo "1583"]
[BlackElo "1588"]

1. e4 e5 2. c4 Nf6 3. Nc3 Bb4 4. Nf3 Bxc3 5. dxc3 d6 6. Bd3 O-O 7. Be3 Bg4 8.
Qb3 b6 9. Qb5 Bxf3 10. gxf3 a6 11. Qb3 c5 12. f4 exf4 13. Bxf4 a5 14. h4 Re8 15.
h5 Nxe4 16. Qc2 Ng3+ 17. Kd2 Nxh1 18. Be4 Nxf2 19. Bxa8 Qe7 20. Rf1 Qe2+ 21. Kc1
Qxf1+ 22. Kd2 Re2# 0-1

[Event "patient greed"]
[Site "http://www.queenalice.com/game.php?id=1646736"]
[Date "2021.3.15"]
[Round "-"]
[White "The_Clown"]
[Black "Wigmont"]
[Result "1-0"]
[WhiteElo "1609"]
[BlackElo "1638"]

1. e4 e5 2. Nf3 d6 3. d4 f6 4. h3 Nc6 5. Bb5 Bd7 6. d5 Nb4 7. Bxd7+ Qxd7 8. O-O
O-O-O 9. a3 Na6 10. Nc3 g5 11. Re1 h5 12. Nh2 Nh6 13. Qxh5 Rg8 14. Bd2 Be7 15.
Qxh6 f5 16. Qh5 f4 17. Qg4 f3 18. Qxd7+ Rxd7 19. Nxf3 Rh8 20. Bxg5 Bxg5 21. Nxg5
Rg7 22. Ne6 Rg6 23. Re3 Nb8 24. Nb5 Rhg8 25. Nxa7+ Kd7 26. g3 c6 27. c4 Ke7 28.
b4 Nd7 29. c5 Ra8 30. cxd6+ Kxd6 31. Nxc6 bxc6 32. Rd3 Nf6 33. Re1 Rag8 34. a4
Ng4 35. hxg4 Rh8 36. a5 Rgh6 37. Kg2 Rg8 38. Rh1 Rhg6 39. g5 Rc8 40. Nc5 Rxg5
41. Rh6+ Ke7 42. Re6+ Kf8 43. dxc6 Rb8 44. Nd7+ Kf7 45. Nxb8 Kxe6 46. c7 Rg8 47.
Rd8 Rg4 48. c8=Q+ Kf6 49. Qxg4 1-0

[Event "Challenge"]
[Site "http://www.queenalice.com/game.php?id=1761362"]
[Date "2021.6.4"]
[Round "-"]
[White "zmanomega"]
[Black "The_Clown"]
[Result "0-1"]
[WhiteElo "1571"]
[BlackElo "1594"]

1. e4 e5 2. d4 exd4 3. c3 Nc6 4. Bc4 Nf6 5. Bd3 d6 6. c4 Bg4 7. f3 Be6 8. f4 Bg4
9. Qa4 Be7 10. f5 O-O 11. h3 Ne5 12. Bc2 d3 13. Bb3 Be2 14. Nxe2 dxe2 15. Kxe2
Nxe4 16. Bf4 Nf6 17. Nd2 Nh5 18. Bxe5 dxe5 19. Rhd1 Nf4+ 20. Kf3 Qd3+ 21. Kf2
Bc5+ 22. Ke1 Qe2# 0-1